000 00403nam a2200145 a 4500
001 000025514
005 20200930023837.0
008 110217s1997 dr 000 0 spa d
040 _aDO-SdBNP
_bspa
_cBNPHU
100 1 _aToribio, Andrés
_952162
245 1 0 _aCoplas al presidente /
_cAndrés Toribio.
260 _aSanto Domingo :
_bImpresora Veloz,
_c1997.
300 _a45 p. ;
_c21 cm.
049 _aBNPD
999 _c25006
_d25006